header

Beyond jihad (Record no. 249935)

MARC details
000 -LEADER
fixed length control field 01282nam a2200325Ia 4500
082 04 - DEWEY DECIMAL CLASSIFICATION NUMBER
Classification number 320.5/57
245 00 - TITLE STATEMENT
Title Beyond jihad
260 ## - PUBLICATION, DISTRIBUTION, ETC. (IMPRINT)
Place of publication Bethesda :
Name of publisher Academica Press,
Year of publication 2006.
300 ## - PHYSICAL DESCRIPTION
Number of Pages xxii, 296 p.
650 #0 - SUBJECT ADDED ENTRY--TOPICAL TERM
Topical Term Islam
Topical Term Islam and world politics.
Topical Term Panislamism.
700 1# - ADDED ENTRY--PERSONAL NAME
Personal name Shienbaum, Kim Ezra.
Personal name Hasan, Jamal.
856 40 - ELECTRONIC LOCATION AND ACCESS
Uniform Resource Identifier http://site.ebrary.com/lib/rucke/Doc?id=10171152

No items available.

© 2026 Rongo University
Contact us: librarian | system librarian | Rongo university